000 01120nam a22002897a 4500
005 20240530110352.0
008 141224s2010 ua g 000 0 ara d
017 _a2010/2696
_bمصر . دار الكتب المصرية
020 _a9789774275945
040 _aEG-CaGPL
041 0 _aara
082 0 4 _221
_a320.962
_bق/ع ن
100 0 _aعلى الدين هلال
245 1 2 _aالنظام السياسى المصرى :
_bبين ارث الماضى و افاق المستقبل 1981 - 2010 /
_cعلى الدين هلال
250 _aط1
260 _aالقاهرة :
_bالدار المصرية اللبنانية ،
_c2010
300 _a511 ص ؛
_c24 سم
650 0 4 _aمصر
_xالاحوال السياسية
650 0 4 _aالسلطة التنفيذية
_zمصر
650 0 4 _aالسلطة التشريعية
_zمصر
650 0 4 _aالسلطة التشريعية
_zمصر
650 0 4 _aالسلطة القضائية
_zمصر
650 0 4 _aمصر
_xالاحزاب السياسية
650 0 4 _aالمجتمع المصرى
942 _2ddc
_cBK
999 _c60088
_d60088